| 000 | 00459nam a2200205Ia 4500 | ||
|---|---|---|---|
| 001 | 11781 | ||
| 003 | GE_BSU | ||
| 008 | 181216s||||||||xx |||||||||||||| ||und|| | ||
| 020 | _a9780330261487 | ||
| 040 | _cGE_BSU | ||
| 080 | _a821.111-312.4 | ||
| 100 | _aDexter,Colin | ||
| 245 | _aService of all the Deal | ||
| 260 | _aLondon | ||
| 260 | _bCrime Pan Books | ||
| 260 | _c1979 | ||
| 300 | _a255p.18cm. | ||
| 653 | _aService of all the Deal | ||
| 942 | _cBK | ||
| 999 |
_c44960 _d44960 |
||